000 00435nam a22001337a 4500
040 _cNUST
082 _a200 THE
100 _aMuhammad Usman Asif
_990844
110 _aSupervisor Dr. Shahzad Amin Sheikh
245 _aTH-SOF-1979-Time-Frequency Analysis of Vibroarthrographic (VAG) Signals and Classification based on Deep Learning
260 _aISLAMABAD:
_bNUST COLLEGE OF EME,
_c2022.
650 _aMS-ELECT-19
942 _2ddc
_cTHE
999 _c589058
_d589058